| 000 | 00564nam a2200229Ia 4500 | ||
|---|---|---|---|
| 003 | OSt | ||
| 005 | 20221005120418.0 | ||
| 006 | a|||||r|||| 00| 0 | ||
| 007 | ta | ||
| 008 | 221004b |||||||| |||| 00| 0 eng d | ||
| 024 | _a53529 | ||
| 037 | _cTextual | ||
| 040 |
_aCRL _cCRL _beng |
||
| 041 |
_2eng _aeng |
||
| 082 | _aR6xM88:11, J4 | ||
| 100 | _aRadhakrishnan S. | ||
| 245 | 0 | _aEast and West in religion. | |
| 260 | _c1954 | ||
| 650 | _aPHILOSOPHY | ||
| 942 |
_hR6xM88:11, J4 _cTEXL _2cc |
||
| 999 |
_c1037932 _d1037932 |
||